000
00266nam a2200109Ia 4500
001
1276002
005
20260417160439.0
008
260417s9999 xx 000 0 und d
020
_a
9786256495531
245
0
_a
Serçekuş
_c
Cahit Zarifoğlu
260
_b
Ketebe Çocuk
999
_c
1276002
_d
1276002